[Event "EU YCH Team U12 boys"]
[Site "Thessaloniki"]
[Date "2022.07.17"]
[Round "6.3"]
[White "Sternfeld, Tomer"]
[Black "Bubelo, Mykola"]
[Result "1/2-1/2"]
[WhiteElo "1615"]
[BlackElo "1535"]
[PlyCount "86"]
[EventDate "2022.07.12"]
[EventType "swiss"]
[EventRounds "7"]
[EventCountry "GRE"]
[SourceTitle "Youth Database"]
[Source "CBase R.Goldau"]
[SourceDate "2000.03.01"]
[SourceVersion "1"]
[SourceVersionDate "2022.07.18"]
[SourceQuality "1"]
[WhiteTeam "Israel"]
[BlackTeam "Ukraine"]
[WhiteTeamCountry "ISR"]
[BlackTeamCountry "UKR"]

1. c4 e6 2. g3 Nf6 3. Bg2 d5 4. Nf3 d4 5. e3 Nc6 6. exd4 Nxd4 7. Nc3 c5 8. Ne2
Be7 9. b3 Bd6 10. Nexd4 cxd4 11. Nxd4 Be5 12. Nc2 Bxa1 13. Nxa1 O-O 14. d4 a5
15. Nc2 Re8 16. O-O Qb6 17. Be3 Qa6 18. Bg5 Nd7 19. Re1 Nf8 20. Qf3 h6 21. Be3
Ng6 22. Na3 Rb8 23. Nb5 Bd7 24. Nc7 Qd6 25. Nxe8 Bxe8 26. Qe2 Bc6 27. Rd1 Bxg2
28. Kxg2 b5 29. c5 Qd5+ 30. Qf3 Ne7 31. Bf4 Rc8 32. Qxd5 Nxd5 33. a3 Kf8 34.
Bd2 Ke8 35. Bxa5 Ra8 36. Bb4 Kd7 37. c6+ Kxc6 38. Rc1+ Kb6 39. Bc5+ Kb7 40. Kf3
g6 41. Ke4 Kc6 42. g4 Kd7 43. Rg1 h5 1/2-1/2

[Event "EU YCH Team U12 boys"]
[Site "Thessaloniki"]
[Date "2022.07.17"]
[Round "6.4"]
[White "Bezeyko, Olexander"]
[Black "Zakin, Lior"]
[Result "0-1"]
[WhiteElo "1763"]
[BlackElo "1318"]
[PlyCount "100"]
[EventDate "2022.07.12"]
[EventType "swiss"]
[EventRounds "7"]
[EventCountry "GRE"]
[SourceTitle "Youth Database"]
[Source "CBase R.Goldau"]
[SourceDate "2000.03.01"]
[SourceVersion "1"]
[SourceVersionDate "2022.07.18"]
[SourceQuality "1"]
[WhiteTeam "Ukraine"]
[BlackTeam "Israel"]
[WhiteTeamCountry "UKR"]
[BlackTeamCountry "ISR"]

1. Nf3 c5 2. c4 Nc6 3. b3 e5 4. d3 e4 5. dxe4 Qf6 6. e5 Nxe5 7. Nxe5 Qxe5 8.
Qc2 Qxa1 9. Nc3 d5 10. cxd5 c4 11. bxc4 Bb4 12. Qa4+ Kd8 13. Qxb4 Qxc1+ 14. Nd1
Nf6 15. g3 Qh6 16. Bg2 Nd7 17. c5 a5 18. Qa3 Re8 19. Ne3 Ne5 20. h3 Qg6 21. O-O
Re7 22. d6 Rd7 23. f4 Nc6 24. Nc4 Nd4 25. e4 Nc2 26. Qc3 Nb4 27. a3 Nc6 28. Kh2
f5 29. exf5 Qxf5 30. Ne5 Rf7 31. Nxf7+ Qxf7 32. Qb2 Ra6 33. Re1 Qf6 34. Qb3 Qf8
35. Bf1 a4 36. Qd5 Ra5 37. Be2 Bd7 38. Bh5 g6 39. Bg4 Bxg4 40. Qg5+ Kd7 41.
hxg4 b6 42. Qd5 Rxc5 43. Qe6+ Kd8 44. d7 Rc2+ 45. Kg1 Qc5+ 46. Re3 Ne7 47. Qe4
Re2 48. Qa8+ Kxd7 49. Qb7+ Ke8 50. Qa8+ Kf7 0-1

[Event "EU YCH Team U12 boys"]
[Site "Thessaloniki"]
[Date "2022.07.17"]
[Round "6.1"]
[White "Stoyko, Oleh"]
[Black "Negrean, Andrei"]
[Result "0-1"]
[WhiteElo "1557"]
[BlackElo "1976"]
[PlyCount "62"]
[EventDate "2022.07.12"]
[EventType "swiss"]
[EventRounds "7"]
[EventCountry "GRE"]
[SourceTitle "Youth Database"]
[Source "CBase R.Goldau"]
[SourceDate "2000.03.01"]
[SourceVersion "1"]
[SourceVersionDate "2022.07.18"]
[SourceQuality "1"]
[WhiteTeam "Ukraine"]
[BlackTeam "Rumänien"]
[WhiteTeamCountry "UKR"]
[BlackTeamCountry "ROU"]

1. e4 c5 2. Nf3 Nc6 3. Bb5 g6 4. Bxc6 dxc6 5. d3 Qc7 6. h3 e5 7. Nbd2 Be6 8.
O-O Nf6 9. b3 Nh5 10. Nc4 f6 11. a4 O-O-O 12. Bd2 Nf4 13. Ba5 b6 14. Bc3 Bd6
15. Nfd2 a5 16. Nxd6+ Rxd6 17. Nc4 Rd7 18. h4 Bxc4 19. bxc4 h5 20. g3 Ne6 21.
f3 g5 22. Kf2 gxh4 23. gxh4 Rg7 24. Bd2 Rhg8 25. Rh1 Rg2+ 26. Kf1 Qg7 27. Be3
Qg3 28. Rb1 Kc7 29. c3 Nf4 30. Rc1 Nh3 31. Rc2 Rxc2 0-1

[Event "EU YCH Team U12 boys"]
[Site "Thessaloniki"]
[Date "2022.07.17"]
[Round "6.3"]
[White "Molchanov, Roman"]
[Black "Anghelescu, Teodor-Stefan"]
[Result "0-1"]
[WhiteElo "1290"]
[BlackElo "1813"]
[PlyCount "94"]
[EventDate "2022.07.12"]
[EventType "swiss"]
[EventRounds "7"]
[EventCountry "GRE"]
[SourceTitle "Youth Database"]
[Source "CBase R.Goldau"]
[SourceDate "2000.03.01"]
[SourceVersion "1"]
[SourceVersionDate "2022.07.18"]
[SourceQuality "1"]
[WhiteTeam "Ukraine"]
[BlackTeam "Rumänien"]
[WhiteTeamCountry "UKR"]
[BlackTeamCountry "ROU"]

1. e4 c5 2. Nf3 d6 3. c3 Nf6 4. h3 Nbd7 5. Bd3 b6 6. O-O Bb7 7. Re1 Qc7 8. Bc2
Rc8 9. d3 g6 10. Nbd2 Bg7 11. Nf1 O-O 12. Ne3 e6 13. Bd2 d5 14. exd5 Nxd5 15.
Nxd5 Bxd5 16. Bb3 Qb7 17. Bxd5 Qxd5 18. Be3 Rfd8 19. d4 cxd4 20. Bxd4 e5 21.
Be3 Nc5 22. Qe2 Qd3 23. Qxd3 Nxd3 24. Re2 Rd7 25. Rd2 Rcd8 26. Rad1 f5 27. Ne1
Nc5 28. Rxd7 Rxd7 29. Rxd7 Nxd7 30. Nd3 Bf8 31. a3 Kf7 32. Kf1 Ke6 33. c4 Bd6
34. b4 a5 35. bxa5 bxa5 36. c5 Bc7 37. c6 Nb8 38. a4 f4 39. Bd2 Kd5 40. Ke2
Nxc6 41. g3 f3+ 42. Kd1 Bb6 43. h4 Kc4 44. Ne1 e4 45. Be3 Bxe3 46. fxe3 Nb4 47.
g4 f2 0-1

[Event "EU YCH Team U12 boys"]
[Site "Thessaloniki"]
[Date "2022.07.17"]
[Round "6.4"]
[White "Gales, Randi-Ioan"]
[Black "Sobol, Matvii"]
[Result "1-0"]
[WhiteElo "1805"]
[BlackElo "1407"]
[PlyCount "79"]
[EventDate "2022.07.12"]
[EventType "swiss"]
[EventRounds "7"]
[EventCountry "GRE"]
[SourceTitle "Youth Database"]
[Source "CBase R.Goldau"]
[SourceDate "2000.03.01"]
[SourceVersion "1"]
[SourceVersionDate "2022.07.18"]
[SourceQuality "1"]
[WhiteTeam "Rumänien"]
[BlackTeam "Ukraine"]
[WhiteTeamCountry "ROU"]
[BlackTeamCountry "UKR"]

1. d4 Nf6 2. c4 e6 3. Nc3 Bb4 4. a3 Bxc3+ 5. bxc3 b6 6. f3 d6 7. e4 Nbd7 8. Bd3
Bb7 9. Bg5 h6 10. Bh4 g5 11. Bf2 Qe7 12. Ne2 O-O-O 13. a4 a5 14. Rb1 Nh5 15.
Qb3 f5 16. e5 dxe5 17. c5 e4 18. fxe4 fxe4 19. Bb5 c6 20. Bc4 Rde8 21. Ng3 e3
22. Bxe3 Nxg3 23. hxg3 Nf6 24. Qxb6 Nd5 25. Qa7 Qc7 26. Bf2 e5 27. Rxb7 exd4+
28. Kd2 Qxb7 29. Ba6 dxc3+ 30. Kc1 Qxa6 31. Qxa6+ Kc7 32. Qxa5+ Kb7 33. Kc2
Re2+ 34. Kd3 Rd2+ 35. Kc4 Rxf2 36. Rb1+ Rb2 37. Rf1 Rb4+ 38. Kd3 Rh7 39. Rf8
Nf4+ 40. gxf4 1-0

[Event "EU YCH Team U12 boys"]
[Site "Thessaloniki"]
[Date "2022.07.18"]
[Round "7.1"]
[White "Besou, Hussain"]
[Black "Margaritis, Ioannis M"]
[Result "1-0"]
[WhiteElo "2078"]
[BlackElo "1525"]
[PlyCount "87"]
[EventDate "2022.07.12"]
[EventType "swiss"]
[EventRounds "7"]
[EventCountry "GRE"]
[SourceTitle "Youth Database"]
[Source "CBase R.Goldau"]
[SourceDate "2000.03.01"]
[SourceVersion "1"]
[SourceVersionDate "2022.07.18"]
[SourceQuality "1"]
[WhiteTeam "Deutschland"]
[BlackTeam "Griechenland"]
[WhiteTeamCountry "GER"]
[BlackTeamCountry "GRE"]

1. e4 c5 2. Nf3 d6 3. d4 cxd4 4. Nxd4 Nf6 5. Nc3 a6 6. Bg5 e6 7. f4 Be7 8. Qf3
Nbd7 9. O-O-O Qc7 10. g4 O-O 11. h4 b5 12. a3 Rb8 13. Bxf6 Bxf6 14. g5 Bxd4 15.
Rxd4 Qc5 16. Qd1 b4 17. axb4 Rxb4 18. Rxb4 Qxb4 19. Bg2 Nb6 20. Na2 Qc5 21. Qg1
Qa5 22. Kb1 Qd2 23. Qxb6 Qxg2 24. Rd1 Qxe4 25. Qxd6 Bb7 26. Nc3 Qf3 27. Qe7 Bd5
28. Qc7 Qg4 29. Qe5 Qxh4 30. Nxd5 exd5 31. Rxd5 Qh1+ 32. Ka2 Qh2 33. Qe4 Qf2
34. f5 Qb6 35. Qd4 Qc7 36. c3 Re8 37. f6 Rc8 38. fxg7 Qc4+ 39. Qxc4 Rxc4 40.
Kb3 Rg4 41. c4 Rg1 42. Kb4 Rc1 43. c5 Kxg7 44. Ka5 1-0

[Event "EU YCH Team U12 boys"]
[Site "Thessaloniki"]
[Date "2022.07.18"]
[Round "7.2"]
[White "Karakotsios, Loukas Georgios"]
[Black "Malinowsky, Levi"]
[Result "0-1"]
[WhiteElo "1257"]
[BlackElo "1814"]
[PlyCount "48"]
[EventDate "2022.07.12"]
[EventType "swiss"]
[EventRounds "7"]
[EventCountry "GRE"]
[SourceTitle "Youth Database"]
[Source "CBase R.Goldau"]
[SourceDate "2000.03.01"]
[SourceVersion "1"]
[SourceVersionDate "2022.07.18"]
[SourceQuality "1"]
[WhiteTeam "Griechenland"]
[BlackTeam "Deutschland"]
[WhiteTeamCountry "GRE"]
[BlackTeamCountry "GER"]

1. d4 Nf6 2. Bf4 g6 3. e3 Bg7 4. c3 d6 5. Nd2 Nbd7 6. Bd3 O-O 7. Ngf3 Re8 8.
O-O e5 9. Bg5 h6 10. Bxf6 Nxf6 11. Bc2 e4 12. Ne1 Bg4 13. f3 exf3 14. Ndxf3
Rxe3 15. Qd2 Re7 16. Bd1 Nd5 17. Nc2 Qd7 18. Nh4 Rae8 19. Bxg4 Qxg4 20. Nf3 Re2
21. Qxe2 Rxe2 22. Nce1 Nf4 23. Rf2 Nh3+ 24. Kf1 Rxf2# 0-1

[Event "EU YCH Team U12 boys"]
[Site "Thessaloniki"]
[Date "2022.07.18"]
[Round "7.3"]
[White "Buchinger, Alexis"]
[Black "Misios, Konstantinos"]
[Result "1-0"]
[WhiteElo "1764"]
[BlackElo "1262"]
[PlyCount "99"]
[EventDate "2022.07.12"]
[EventType "swiss"]
[EventRounds "7"]
[EventCountry "GRE"]
[SourceTitle "Youth Database"]
[Source "CBase R.Goldau"]
[SourceDate "2000.03.01"]
[SourceVersion "1"]
[SourceVersionDate "2022.07.18"]
[SourceQuality "1"]
[WhiteTeam "Deutschland"]
[BlackTeam "Griechenland"]
[WhiteTeamCountry "GER"]
[BlackTeamCountry "GRE"]

1. e4 e5 2. Nf3 Nc6 3. Bc4 Bc5 4. c3 Nf6 5. d4 exd4 6. e5 d5 7. Bb5 Ne4 8. cxd4
Bb6 9. Nc3 O-O 10. h3 f6 11. Be3 fxe5 12. Bxc6 bxc6 13. Nxe5 Qf6 14. Qe2 Nxc3
15. bxc3 c5 16. O-O cxd4 17. cxd4 Bf5 18. Rac1 Rad8 19. a4 Rd6 20. Qd2 a5 21.
Bg5 Qe6 22. Rfe1 Qc8 23. Nc6 Qd7 24. Re7 Qc8 25. Re3 Qd7 26. Re7 Qc8 27. Rxc7
Qe8 28. Ne7+ Kh8 29. Nxf5 Rxf5 30. Rc8 Bd8 31. Bxd8 Rxd8 32. Qc2 Rf8 33. Rxd8
Qxd8 34. Qd2 Qb6 35. Rc5 Rd8 36. Qxa5 Qd6 37. Qc7 Qxc7 38. Rxc7 Ra8 39. Rd7 Kg8
40. Rxd5 Rxa4 41. f3 Kf7 42. Rd7+ Kf6 43. Kf2 Ra2+ 44. Kg3 Ra5 45. Kf4 g5+ 46.
Ke4 h5 47. Rd6+ Ke7 48. Rd5 Rxd5 49. Kxd5 Kd7 50. Ke5 1-0

[Event "EU YCH Team U12 boys"]
[Site "Thessaloniki"]
[Date "2022.07.18"]
[Round "7.4"]
[White "Spagkakas, Konstantinos"]
[Black "Gloeckler, Christian"]
[Result "0-1"]
[WhiteElo "1211"]
[BlackElo "1827"]
[PlyCount "78"]
[EventDate "2022.07.12"]
[EventType "swiss"]
[EventRounds "7"]
[EventCountry "GRE"]
[SourceTitle "Youth Database"]
[Source "CBase R.Goldau"]
[SourceDate "2000.03.01"]
[SourceVersion "1"]
[SourceVersionDate "2022.07.18"]
[SourceQuality "1"]
[WhiteTeam "Griechenland"]
[BlackTeam "Deutschland"]
[WhiteTeamCountry "GRE"]
[BlackTeamCountry "GER"]

1. c4 Nf6 2. Nc3 g6 3. g3 Bg7 4. Bg2 O-O 5. Nf3 d6 6. O-O e5 7. d3 Nc6 8. Rb1
a5 9. a3 Nd7 10. b4 axb4 11. axb4 f5 12. Bg5 Nf6 13. Nd5 Ne7 14. Nxf6+ Bxf6 15.
Bxf6 Rxf6 16. Qd2 f4 17. Ng5 h6 18. Ne4 Rf8 19. Rfd1 Nc6 20. b5 Nd4 21. Rb2 g5
22. Qb4 g4 23. b6 c5 24. Qd2 Kg7 25. Qc3 f3 26. e3 Ne2+ 27. Rxe2 fxe2 28. Re1
Qxb6 29. Rxe2 Qb1+ 30. Re1 Qa2 31. Rf1 Ra3 32. Qc1 Rxd3 33. Kh1 Bf5 34. Nc3
Qxc4 35. Ne2 Qxc1 36. Nxc1 Rd2 37. Bxb7 Be6 38. Bg2 Bc4 39. Re1 Rfxf2 0-1

[Event "EU YCH Team U12 boys"]
[Site "Thessaloniki"]
[Date "2022.07.18"]
[Round "7.1"]
[White "Kumar, Soham"]
[Black "Negrean, Andrei"]
[Result "1/2-1/2"]
[WhiteElo "1762"]
[BlackElo "1976"]
[PlyCount "86"]
[EventDate "2022.07.12"]
[EventType "swiss"]
[EventRounds "7"]
[EventCountry "GRE"]
[SourceTitle "Youth Database"]
[Source "CBase R.Goldau"]
[SourceDate "2000.03.01"]
[SourceVersion "1"]
[SourceVersionDate "2022.07.18"]
[SourceQuality "1"]
[WhiteTeam "England"]
[BlackTeam "Rumänien"]
[WhiteTeamCountry "ENG"]
[BlackTeamCountry "ROU"]

1. e4 c5 2. Nf3 d6 3. d4 cxd4 4. Nxd4 Nf6 5. Nc3 Nc6 6. Be3 Ng4 7. Bc4 Nxe3 8.
fxe3 Ne5 9. Bb3 e6 10. O-O Be7 11. Nf3 Ng6 12. Qd4 O-O 13. Rad1 Qa5 14. Nd2 Ne5
15. Nc4 Nxc4 16. Bxc4 a6 17. Rf3 b5 18. Bb3 b4 19. Ne2 Bf6 20. Qd3 Be5 21. Rdf1
Bd7 22. Nd4 Qb6 23. Kh1 a5 24. Bc4 Rac8 25. b3 Qc5 26. Ne2 Rc7 27. Nf4 Rcc8 28.
Qe2 Bxf4 29. Rxf4 Qg5 30. Qf3 Qe7 31. Qg3 Rc5 32. h4 Re5 33. Rg4 g6 34. Kg1 Bc6
35. Bd3 h5 36. Rgf4 Kg7 37. Kh1 Bb7 38. Qf2 Bc6 39. Kh2 Ba8 40. g3 Bc6 41. Kg1
Qb7 42. Ba6 Qe7 43. Bd3 Bb7 1/2-1/2

[Event "EU YCH Team U12 boys"]
[Site "Thessaloniki"]
[Date "2022.07.18"]
[Round "7.2"]
[White "Tudor, Henry Edward"]
[Black "Pert, Max"]
[Result "1/2-1/2"]
[WhiteElo "1984"]
[BlackElo "1693"]
[PlyCount "92"]
[EventDate "2022.07.12"]
[EventType "swiss"]
[EventRounds "7"]
[EventCountry "GRE"]
[SourceTitle "Youth Database"]
[Source "CBase R.Goldau"]
[SourceDate "2000.03.01"]
[SourceVersion "1"]
[SourceVersionDate "2022.07.18"]
[SourceQuality "1"]
[WhiteTeam "Rumänien"]
[BlackTeam "England"]
[WhiteTeamCountry "ROU"]
[BlackTeamCountry "ENG"]

1. d4 d5 2. c4 e6 3. Nc3 c5 4. cxd5 cxd4 5. Qa4+ Bd7 6. Qxd4 exd5 7. Qxd5 Nc6
8. Nf3 Nf6 9. Qb3 Be6 10. Qa4 a6 11. Ne5 Rc8 12. Nxc6 Rxc6 13. e3 b5 14. Nxb5
Bd7 15. Bd2 axb5 16. Bxb5 Rc8 17. Rd1 Bxb5 18. Qxb5+ Qd7 19. Qxd7+ Nxd7 20. Bc3
Be7 21. O-O Nf6 22. f3 O-O 23. Kf2 Bc5 24. Ke2 Rfd8 25. e4 Nd7 26. Rd3 Nb6 27.
b3 Rxd3 28. Kxd3 Rd8+ 29. Kc2 Ba3 30. Bb2 Bxb2 31. Kxb2 Rd2+ 32. Kb1 Rxg2 33.
Rd1 h5 34. Rd6 Rxh2 35. Rxb6 h4 36. Rb5 g6 37. Rg5 h3 38. Rg3 Kf8 39. a4 Ke8
40. a5 Kd7 41. a6 Kc7 42. b4 Kb6 43. b5 Rh1+ 44. Kb2 Rh2+ 45. Kb1 Rh1+ 46. Kb2
Rh2+ 1/2-1/2

[Event "EU YCH Team U12 boys"]
[Site "Thessaloniki"]
[Date "2022.07.18"]
[Round "7.3"]
[White "Patel, Zain"]
[Black "Anghelescu, Teodor-Stefan"]
[Result "1-0"]
[WhiteElo "1632"]
[BlackElo "1813"]
[PlyCount "68"]
[EventDate "2022.07.12"]
[EventType "swiss"]
[EventRounds "7"]
[EventCountry "GRE"]
[SourceTitle "Youth Database"]
[Source "CBase R.Goldau"]
[SourceDate "2000.03.01"]
[SourceVersion "1"]
[SourceVersionDate "2022.07.18"]
[SourceQuality "1"]
[WhiteTeam "England"]
[BlackTeam "Rumänien"]
[WhiteTeamCountry "ENG"]
[BlackTeamCountry "ROU"]

1. d4 d5 2. c4 e6 3. Nc3 a6 4. cxd5 exd5 5. Qb3 c6 6. e4 dxe4 7. Bc4 Qe7 8. a4
g6 9. Nge2 Bg7 10. a5 Nf6 11. O-O O-O 12. Re1 Bf5 13. Ra4 Rd8 14. Rb4 Ra7 15.
h3 c5 16. dxc5 Nc6 17. Ra4 Ne5 18. Nf4 Rd7 19. Nfd5 Qd8 20. Be3 Nd3 21. Rd1
Nxd5 22. Bxd5 Bxc3 23. c6 Rxd5 24. Bxa7 bxc6 25. Qxc3 Qd6 26. Rc4 Nf4 27. Re1
Rd1 28. Qe3 Rxe1+ 29. Qxe1 Qd3 30. Rxc6 Nxg2 31. Qc3 Nf4 32. Qxd3 exd3 33. Be3
Nd5 34. Rxa6 Nxe3 1-0

[Event "EU YCH Team U12 boys"]
[Site "Thessaloniki"]
[Date "2022.07.18"]
[Round "7.4"]
[White "Gales, Randi-Ioan"]
[Black "Soulier, Alfred"]
[Result "1-0"]
[WhiteElo "1805"]
[BlackElo "1425"]
[PlyCount "79"]
[EventDate "2022.07.12"]
[EventType "swiss"]
[EventRounds "7"]
[EventCountry "GRE"]
[SourceTitle "Youth Database"]
[Source "CBase R.Goldau"]
[SourceDate "2000.03.01"]
[SourceVersion "1"]
[SourceVersionDate "2022.07.18"]
[SourceQuality "1"]
[WhiteTeam "Rumänien"]
[BlackTeam "England"]
[WhiteTeamCountry "ROU"]
[BlackTeamCountry "ENG"]

1. d4 Nf6 2. c4 g6 3. Nc3 Bg7 4. e4 d6 5. Bd3 O-O 6. Nge2 e5 7. d5 Na6 8. O-O
Nc5 9. Bc2 a5 10. f3 Nfd7 11. Be3 f5 12. exf5 gxf5 13. f4 e4 14. Qd2 b6 15.
Rae1 Ba6 16. b3 Qe7 17. Bd4 Rae8 18. Nd1 Bxd4+ 19. Nxd4 Rf6 20. Ne3 Ref8 21. a3
Bc8 22. b4 axb4 23. axb4 Na6 24. Nexf5 Qf7 25. Bxe4 Ndb8 26. Ne6 Re8 27. Qc3
Nd7 28. Rf3 Kh8 29. g4 Kg8 30. g5 Rexe6 31. dxe6 Rxe6 32. Bd5 Qxf5 33. Bxe6+
Qxe6 34. Rxe6 Ne5 35. Re8+ Kf7 36. Rxc8 Nxf3+ 37. Qxf3 h6 38. Qh5+ Ke6 39. Qg6+
Kd7 40. Qe8# 1-0

[Event "EU YCH Team U12 boys"]
[Site "Thessaloniki"]
[Date "2022.07.18"]
[Round "7.1"]
[White "Ivanov, Andrey"]
[Black "Marinidis, Stavros"]
[Result "0-1"]
[WhiteElo "1515"]
[BlackElo "1375"]
[PlyCount "103"]
[EventDate "2022.07.12"]
[EventType "swiss"]
[EventRounds "7"]
[EventCountry "GRE"]
[SourceTitle "Youth Database"]
[Source "CBase R.Goldau"]
[SourceDate "2000.03.01"]
[SourceVersion "1"]
[SourceVersionDate "2022.07.18"]
[SourceQuality "1"]
[WhiteTeam "Mazedonien"]
[BlackTeam "Griechenland"]
[WhiteTeamCountry "MKD"]
[BlackTeamCountry "GRE"]

1. d4 d5 2. Nf3 Nf6 3. e3 Bf5 4. Nbd2 h6 5. c4 e6 6. b3 c6 7. Bb2 Nbd7 8. Be2
Be7 9. Ne5 Nxe5 10. dxe5 Ne4 11. O-O O-O 12. Nf3 a5 13. Nd4 Bh7 14. f3 Nc5 15.
f4 f6 16. Ba3 Qd7 17. exf6 Rxf6 18. Bg4 Ne4 19. Bxe7 Qxe7 20. Bxe6+ Rxe6 21.
Nxe6 Qxe6 22. cxd5 cxd5 23. Qd4 Nd6 24. Rfd1 Be4 25. h3 h5 26. Rac1 Qg6 27. Rd2
Nf5 28. Qc3 Nh4 29. Rf2 Qg3 30. Qb2 Nxg2 31. Rxg2 Bxg2 32. Rc7 Bf3+ 33. Kf1
Qxh3+ 34. Ke1 Qh1+ 35. Kd2 Qd1+ 36. Kc3 Ra6 37. Qa3 Rc6+ 38. Rxc6 bxc6 39. Qe7
Be4 40. Qe8+ Kh7 41. Kb2 Qg4 42. Ka3 h4 43. Qe5 h3 44. Qb2 Qh4 45. Qh2 Qg4 46.
Qb2 Qg3 47. Qe5 Qh4 48. Qb2 h2 49. Qe5 h1=Q 50. Ka4 Q1e1 51. a3 Qe2 52. Qb8 0-1

[Event "EU YCH Team U12 boys"]
[Site "Thessaloniki"]
[Date "2022.07.18"]
[Round "7.2"]
[White "Sardis, Ioannis"]
[Black "Petrovski, Nikola"]
[Result "0-1"]
[WhiteElo "1106"]
[BlackElo "1389"]
[PlyCount "94"]
[EventDate "2022.07.12"]
[EventType "swiss"]
[EventRounds "7"]
[EventCountry "GRE"]
[SourceTitle "Youth Database"]
[Source "CBase R.Goldau"]
[SourceDate "2000.03.01"]
[SourceVersion "1"]
[SourceVersionDate "2022.07.18"]
[SourceQuality "1"]
[WhiteTeam "Griechenland"]
[BlackTeam "Mazedonien"]
[WhiteTeamCountry "GRE"]
[BlackTeamCountry "MKD"]

1. e4 e5 2. Nf3 Nc6 3. d4 exd4 4. Bc4 Nf6 5. O-O Nxe4 6. Re1 d5 7. Bxd5 Qxd5 8.
Nc3 Qa5 9. Nxe4 Be6 10. Neg5 O-O-O 11. Nxe6 fxe6 12. Rxe6 Bd6 13. Qe2 Kd7 14.
Ng5 Rdf8 15. Bd2 Qf5 16. Re4 Re8 17. Re1 Rxe4 18. Qxe4 Qxe4 19. Rxe4 h6 20. Nf7
Re8 21. Rxe8 Kxe8 22. Nxd6+ cxd6 23. f4 Ke7 24. Kf2 Ke6 25. c3 Kf5 26. Kf3 h5
27. h3 h4 28. cxd4 Nxd4+ 29. Ke3 Ne6 30. Kf3 d5 31. b4 b5 32. Bc1 Nd4+ 33. Kf2
Ke4 34. Bb2 Nf5 35. Bc1 d4 36. Bd2 Ne3 37. g3 hxg3+ 38. Ke2 Kxf4 39. Bc1 Ke4
40. Bd2 d3+ 41. Ke1 Kf3 42. Bxe3 Kxe3 43. Kd1 g2 44. Kc1 d2+ 45. Kc2 g1=Q 46.
Kc3 Qc1+ 47. Kb3 d1=B# 0-1

[Event "EU YCH Team U12 boys"]
[Site "Thessaloniki"]
[Date "2022.07.18"]
[Round "7.3"]
[White "Spasov, Igor Aleksandar"]
[Black "Dimoudis, Dimitrios"]
[Result "1-0"]
[WhiteElo "1337"]
[BlackElo "1058"]
[PlyCount "115"]
[EventDate "2022.07.12"]
[EventType "swiss"]
[EventRounds "7"]
[EventCountry "GRE"]
[SourceTitle "Youth Database"]
[Source "CBase R.Goldau"]
[SourceDate "2000.03.01"]
[SourceVersion "1"]
[SourceVersionDate "2022.07.18"]
[SourceQuality "1"]
[WhiteTeam "Mazedonien"]
[BlackTeam "Griechenland"]
[WhiteTeamCountry "MKD"]
[BlackTeamCountry "GRE"]

1. d4 d5 2. Nf3 Nf6 3. c4 e6 4. g3 Be7 5. Bg2 c6 6. O-O Nbd7 7. Nc3 O-O 8. Qc2
h6 9. e4 dxe4 10. Nxe4 Nxe4 11. Qxe4 Nf6 12. Qe2 Re8 13. Rd1 Qb6 14. Be3 Qc7
15. Rac1 b6 16. d5 c5 17. dxe6 Bxe6 18. Bf4 Qc8 19. Ne5 Rb8 20. Bf3 a6 21. Nd3
Ra8 22. Bxa8 Qxa8 23. f3 Bf8 24. Qf2 Qc6 25. Ne5 Qc8 26. b3 Be7 27. Rd2 Nh5 28.
Be3 Nf6 29. Rcd1 Qc7 30. Nd3 Rd8 31. Bf4 Qc8 32. Ne5 Re8 33. Nd3 Rd8 34. Nb2
Re8 35. Bd6 Bxd6 36. Rxd6 Qc7 37. Qd2 Nd7 38. Qf4 Qc8 39. Qd2 Re7 40. Qf4 Kf8
41. Nd3 f6 42. Re1 Kf7 43. Ne5+ Nxe5 44. Rxe5 Kg8 45. Re1 Qe8 46. Qd2 Kf7 47.
Rxb6 Rd7 48. Rd6 Re7 49. Rxa6 Qb8 50. Qd6 Qc8 51. Rxe6 Rxe6 52. Qxe6+ Qxe6 53.
Rxe6 Kxe6 54. Kf2 Kd6 55. Ke3 g6 56. a3 g5 57. Ke4 Ke6 58. b4 1-0

[Event "EU YCH Team U12 boys"]
[Site "Thessaloniki"]
[Date "2022.07.18"]
[Round "7.1"]
[White "Tadic, Jure"]
[Black "Weber, Yonatan"]
[Result "1/2-1/2"]
[WhiteElo "1571"]
[BlackElo "1682"]
[PlyCount "69"]
[EventDate "2022.07.12"]
[EventType "swiss"]
[EventRounds "7"]
[EventCountry "GRE"]
[SourceTitle "Youth Database"]
[Source "CBase R.Goldau"]
[SourceDate "2000.03.01"]
[SourceVersion "1"]
[SourceVersionDate "2022.07.18"]
[SourceQuality "1"]
[WhiteTeam "Kroatien"]
[BlackTeam "Israel"]
[WhiteTeamCountry "CRO"]
[BlackTeamCountry "ISR"]

1. e4 c5 2. Nf3 Nc6 3. d4 cxd4 4. Nxd4 Nf6 5. Nc3 d6 6. f3 e5 7. Nb3 Be7 8. Be3
O-O 9. Qd2 a5 10. Bb5 Be6 11. Rd1 Qc7 12. Qf2 Nd7 13. Nd5 Bxd5 14. exd5 Ncb8
15. a4 f5 16. f4 Nc5 17. Nxc5 dxc5 18. O-O e4 19. c4 b6 20. b3 Nd7 21. Rfe1 Nf6
22. h3 Bd6 23. Rf1 Qf7 24. Bd2 Ra7 25. Qe3 Qg6 26. Be1 Qh5 27. Rd2 h6 28. Bg3
Nh7 29. Rdf2 Raf7 30. Bh2 Rf6 31. Bd7 Kh8 32. Be6 Bb8 33. Kh1 Bd6 34. Kg1 Bb8
35. Kh1 1/2-1/2

[Event "EU YCH Team U12 boys"]
[Site "Thessaloniki"]
[Date "2022.07.18"]
[Round "7.2"]
[White "Zakin, Ilay"]
[Black "Zagorac, Lara"]
[Result "1/2-1/2"]
[WhiteElo "1677"]
[BlackElo "1499"]
[PlyCount "85"]
[EventDate "2022.07.12"]
[EventType "swiss"]
[EventRounds "7"]
[EventCountry "GRE"]
[SourceTitle "Youth Database"]
[Source "CBase R.Goldau"]
[SourceDate "2000.03.01"]
[SourceVersion "1"]
[SourceVersionDate "2022.07.18"]
[SourceQuality "1"]
[WhiteTeam "Israel"]
[BlackTeam "Kroatien"]
[WhiteTeamCountry "ISR"]
[BlackTeamCountry "CRO"]

1. e4 c5 2. Nf3 g6 3. d4 cxd4 4. Nxd4 Bg7 5. c4 Nc6 6. Be3 Nf6 7. Nc3 d6 8. Be2
O-O 9. O-O Bd7 10. Rc1 a5 11. b3 Nxd4 12. Bxd4 Bc6 13. f3 Nd7 14. Bxg7 Kxg7 15.
Qd4+ Kg8 16. Nd5 Nc5 17. Rfd1 Rc8 18. Kh1 b6 19. e5 Bxd5 20. Qxd5 dxe5 21. Qxe5
Qc7 22. Qxc7 Rxc7 23. Rd5 Rd7 24. Rcd1 Rfd8 25. Rxd7 Rxd7 26. Rxd7 Nxd7 27. Kg1
Kg7 28. Bd3 Nc5 29. Bc2 Kf6 30. Kf2 Ke5 31. Ke3 f6 32. f4+ Kd6 33. g4 e5 34. f5
g5 35. Kf3 h6 36. h3 Na6 37. a3 Kc5 38. Ke3 Nc7 39. a4 Na6 40. Bd1 Nb4 41. Ke4
Nc6 42. Kd3 Nd4 43. Kc3 1/2-1/2